TOP 150 des marques Françaises les plus puissantes - Statistiques

Statistiques générales
  • Ce quiz a été pris 163 fois
  • Le résultat moyen est 23 sur 150
Statistiques - réponses
Hint Réponse % Correct
23 Renault
76%
1 Louis Vuitton
73%
46 Peugeot
73%
13 Carrefour
66%
79 Citroen
65%
19 Leclerc
60%
8 Dior
58%
2 Chanel
56%
69 Auchan
55%
5 Hermès
52%
11 L'Oréal
48%
3 Orange
45%
17 Decathlon
43%
41 SFR
43%
22 Bouygues
42%
20 Danone
40%
24 Crédit agricole
38%
7 Airbus
37%
9 EDF
37%
50 Free
37%
12 BNP
36%
21 Michelin
35%
84 SNCF
34%
125 TF1
34%
136 Evian
33%
36 Yves Saint Laurent
33%
6 AXA
31%
30 Société générale
31%
39 Leroy Merlin
30%
4 Total Energies
29%
71 Canal+
28%
132 Ricard
28%
60 Air France
27%
10 Cartier
26%
95 M6
26%
16 Engie
25%
123 Fnac
25%
43 Dassault
23%
113 Alpin
22%
105 Darty
22%
14 Vinci
22%
118 BIC
21%
27 Crédit Mutuel
21%
140 Perrier
21%
29 Lancôme
19%
83 LCL
19%
18 Sephora
19%
48 CIC
18%
40 Givenchy
18%
37 Sanofi
18%
120 Casino
17%
45 Celine
17%
35 Garnier
17%
25 Guerlain
17%
56 Yves rocher
17%
47 Thales
16%
42 La poste
15%
31 Hennessy
14%
92 Alstom
13%
135 Lactel
13%
80 Moet et Chandon
13%
57 President
13%
34 Safran
13%
32 Veolia
13%
67 Air liquide
12%
133 Castorama
12%
28 Saint Gobain
11%
100 Ubisoft
11%
126 Vichy
11%
33 Eiffage
10%
68 Lafarge
10%
98 La roche posay
10%
65 Legrand
10%
99 RATP
10%
110 Activia
9%
87 Bolloré
9%
51 Clarins
9%
55 La banque postale
9%
131 Brico dépot
8%
149 Ibis
8%
15 Capgemini
7%
64 L'occitane
7%
75 SEB
7%
107 Dom pérignon
6%
63 Enedis
6%
81 Kenzo
6%
128 Kronenbourg
6%
26 Schneider Electric
6%
54 Van cleef
6%
96 Veuve clicquot
6%
78 Lagardère
5%
90 Martell
5%
103 Mercure
5%
141 Novotel
5%
44 Sodexo
5%
52 Valeo
5%
111 Aéroport de Paris
4%
93 Atos
4%
129 Bonduelle
4%
53 CMA CGM
4%
82 Edenred
4%
77 Elsève
4%
101 Rémy martin
4%
146 Maisons du monde
3%
150 Actimel
2%
114 Arkema
2%
76 Bureau veritas
2%
38 CNP
2%
58 Colas
2%
119 Desperados
2%
86 Elis
2%
73 Europcar
2%
85 Natixis
2%
66 Rexel
2%
121 Biotherm
1%
130 Bricoman
1%
117 Havas
1%
145 Mondial relay
1%
62 Scor
1%
59 Téléperformance
1%
97 Varilux
1%
89 Veepee
1%
102 Amundi
0%
144 AXA investissement
0%
127 Dassault aviation
0%
49 DPD
0%
91 Ellor
0%
70 Espion
0%
72 Faurecia
0%
139 Groupe Crit
0%
148 Groupe ID
0%
122 Groupe naval
0%
61 Hache Lynx Ego
0%
124 Inétum
0%
147 Kérastase
0%
88 Ligne mondiale
0%
109 Maquillage pour toujours
0%
116 Mazars
0%
115 Nexans
0%
74 Oie grise
0%
106 Omnium en plastique
0%
134 Preuve
0%
142 Pullman
0%
143 Réseaux exclusifs
0%
137 Somfy
0%
94 Sur steria
0%
104 Technip energies
0%
138 Trigano
0%
112 Unibail rodamco westfield
0%
108 YSL beauté
0%
Aucun quiz correspondant
Distribution des résultats
% des personnes avec chaque résultat
Percentile par nombre de réponses
Votre historique - résultats
Vous n’avez pas pris ce quiz